[Event "VIE-ch U15"]
[Site "Hai Phong"]
[Date "2018.07.12"]
[Round "8"]
[White "Nguyen, Duy Linh"]
[Black "Luu, Tran Nguyen Khoi"]
[Result "1/2-1/2"]
[WhiteElo "1793"]
[BlackElo "1799"]
[PlyCount "64"]
[EventDate "2018.07.07"]
[EventType "swiss"]
[EventRounds "9"]
[EventCountry "VIE"]
[SourceTitle "EXT 2019"]
[Source "ChessBase"]
[SourceDate "2018.10.10"]
[SourceVersion "1"]
[SourceVersionDate "2018.10.10"]
[SourceQuality "1"]

1. e4 c5 2. Nf3 Nc6 3. d4 cxd4 4. Nxd4 g6 5. Nc3 Bg7 6. Be3 Nf6 7. Be2 0-0 8. 0-0 d5 9. exd5 Nxd5 10. Nxd5 Qxd5 11. Nxc6 bxc6 12. c3 Be6 13. Qxd5 Bxd5 14. f4 Rfb8 15. Bc1 a5 16. Bd3 Rd8 17. Bc2 f5 18. Re1 Re8 19. Ba4 e5 20. c4 Be4 21. Rxe4 fxe4 22. Bxc6 exf4 23. Bxa8 Rxa8 24. Bxf4 Bxb2 25. Re1 Re8 26. Kf2 Bd4+ 27. Be3 Be5 28. h3 Kf7 29. Rb1 Rc8 30. Rb7+ Rc7 31. Rxc7+ Bxc7 32. Bd4 Bf4 1/2-1/2

[Event "VIE-ch U15"]
[Site "Hai Phong"]
[Date "2018.07.09"]
[Round "5"]
[White "Le, Phuc Nguyen"]
[Black "Nguyen, Duy Linh"]
[Result "1-0"]
[WhiteElo "1805"]
[BlackElo "1793"]
[PlyCount "65"]
[EventDate "2018.07.07"]
[EventType "swiss"]
[EventRounds "9"]
[EventCountry "VIE"]
[SourceTitle "EXT 2019"]
[Source "ChessBase"]
[SourceDate "2018.10.10"]
[SourceVersion "1"]
[SourceVersionDate "2018.10.10"]
[SourceQuality "1"]

1. d4 c5 2. e3 cxd4 3. exd4 d5 4. Nf3 Nf6 5. Be2 Nc6 6. 0-0 e6 7. c4 Be7 8. Nc3 dxc4 9. Bxc4 0-0 10. Bf4 a6 11. a4 Bd6 12. Bg5 b6 13. Bh4 Be7 14. Bd3 Nd5 15. Bxe7 Ncxe7 16. Ne5 Bd7 17. Bb1 Bc6 18. Ra3 Nxc3 19. Rxc3 Nd5 20. Nxc6 Qe8 21. Ne5 Nxc3 22. bxc3 b5 23. Be4 Rc8 24. axb5 axb5 25. Qf3 Qe7 26. Bd3 Rxc3 27. Bxh7+ Kxh7 28. Qxc3 b4 29. Qc2+ f5 30. Rb1 Qd6 31. Qc5 Rd8 32. Qxd6 Rxd6 33. Rxb4 1-0

[Event "VIE-ch U15"]
[Site "Hai Phong"]
[Date "2018.07.07"]
[Round "1"]
[White "Nguyen, Duy Linh"]
[Black "Do, Thanh Loc"]
[Result "1-0"]
[WhiteElo "1793"]
[BlackElo "1808"]
[PlyCount "69"]
[EventDate "2018.07.07"]
[EventType "swiss"]
[EventRounds "9"]
[EventCountry "VIE"]
[SourceTitle "EXT 2019"]
[Source "ChessBase"]
[SourceDate "2018.10.10"]
[SourceVersion "1"]
[SourceVersionDate "2018.10.10"]
[SourceQuality "1"]

1. e4 c5 2. Nf3 Nc6 3. d4 cxd4 4. Nxd4 Nf6 5. Nc3 e5 6. Ndb5 d6 7. Bg5 a6 8. Na3 b5 9. Nd5 Be7 10. Bxf6 Bxf6 11. c4 b4 12. Nc2 a5 13. Bd3 Bg5 14. 0-0 0-0 15. Nce3 Nd4 16. b3 Be6 17. Bc2 Rc8 18. Kh1 f5 19. exf5 Bxf5 20. Nxf5 Nxf5 21. Bxf5 Rxf5 22. Qd3 Qf8 23. f3 Kh8 24. Rad1 Rc6 25. Ne3 Bxe3 26. Qxe3 Rf7 27. Rd5 Rc5 28. Rxc5 dxc5 29. Qxe5 Rd7 30. Re1 Rd2 31. h3 Rxa2 32. Qe8 Kg8 33. Qe6+ Kh8 34. Qc6 h6 35. Re8 1-0

[Event "VIE-ch U15"]
[Site "Hai Phong"]
[Date "2018.07.07"]
[Round "2"]
[White "Nguyen, Trung Hieu1111"]
[Black "Nguyen, Duy Linh"]
[Result "1/2-1/2"]
[WhiteElo "1816"]
[BlackElo "1793"]
[PlyCount "114"]
[EventDate "2018.07.07"]
[EventType "swiss"]
[EventRounds "9"]
[EventCountry "VIE"]
[SourceTitle "EXT 2019"]
[Source "ChessBase"]
[SourceDate "2018.10.10"]
[SourceVersion "1"]
[SourceVersionDate "2018.10.10"]
[SourceQuality "1"]

1. Nf3 d5 2. d4 Nf6 3. Bf4 Bf5 4. c4 c6 5. Qb3 Qb6 6. c5 Qxb3 7. axb3 Bxb1 8. Rxb1 Nbd7 9. h3 Ne4 10. e3 g6 11. b4 a6 12. Bd3 Ndf6 13. Ne5 Nh5 14. Bh2 f5 15. h4 Bh6 16. Bxe4 dxe4 17. Nc4 Kf7 18. Na5 f4 19. Ke2 Ra7 20. g4 fxg3 21. Bxg3 Nf6 22. Be5 Re8 23. Bxf6 exf6 24. Nc4 Bf8 25. Nb6 Be7 26. Rbg1 Ke6 27. b3 Rf8 28. Ra1 f5 29. Rag1 Rg8 30. Rh2 Bd8 31. Nc4 Ra8 32. Nd2 a5 33. Ra1 Bc7 34. Rhh1 axb4 35. Rhb1 Rgb8 36. Ra4 Rxa4 37. bxa4 Bd8 38. Rxb4 Ra8 39. Rxb7 Rxa4 40. Rxh7 Ra2 41. Kd1 Ra1+ 42. Ke2 Ra2 43. Kd1 Ra1+ 44. Kc2 Rh1 45. Nc4 Rxh4 46. Rg7 Rh2 47. Rxg6+ Bf6 48. Ne5 Rxf2+ 49. Kd1 f4 50. Rxf6+ Kxf6 51. Ng4+ Ke6 52. Nxf2 fxe3 53. Nxe4 Kd5 54. Nd6 Kxd4 55. Nb7 Kd3 56. Nd6 Kd4 57. Nb7 Kd3 1/2-1/2

[Event "VIE Cup"]
[Site "Bac Giang"]
[Date "2018.06.03"]
[Round "7"]
[White "Hoang, Quoc Khanh"]
[Black "Nguyen, Duy Linh"]
[Result "1/2-1/2"]
[WhiteElo "1734"]
[BlackElo "1871"]
[PlyCount "58"]
[EventDate "2018.05.30"]
[EventType "swiss"]
[EventRounds "9"]
[EventCountry "VIE"]
[SourceTitle "CBM 184 Extra"]
[Source "ChessBase"]
[SourceDate "2018.06.28"]
[SourceVersion "1"]
[SourceVersionDate "2018.06.28"]
[SourceQuality "1"]

1. d4 c5 2. d5 d6 3. c4 e5 4. Nc3 f5 5. e4 Nf6 6. Bd3 fxe4 7. Nxe4 Nxe4 8. Bxe4 g6 9. Ne2 Bg7 10. Be3 a6 11. a4 Qa5+ 12. Bd2 Qc7 13. Qc2 Rf8 14. f3 Bf5 15. Ng3 Bxe4 16. Nxe4 h6 17. h4 Nd7 18. Rh3 Rf7 19. Qc1 h5 20. Ng5 Re7 21. Ne6 Qc8 22. Qc2 Rxe6 23. dxe6 Nf8 24. e7 Kxe7 25. Bg5+ Bf6 26. Bxf6+ Kxf6 27. 0-0-0 Qc6 28. Qd2 Qxa4 29. Qxd6+ Ne6 1/2-1/2